CAME-Condiciones generales de entrega de mercancía entre las organizaciones miembros

Na minha lista:
Detalhes bibliográficos
Autor Corporativo: Universidad de Oriente. Cuba
Formato: Texto
Publicado em: Santiago: Universidad de Oriente
Tags: Adicionar Tag
Sem tags, seja o primeiro a adicionar uma tag!

MARC

LEADER 00000 a a2200000 04500
001 24989
003
040
090 |a 176700  
110 |a Universidad de Oriente. Cuba  
245 |a CAME-Condiciones generales de entrega de mercancía entre las organizaciones miembros  
260 |a Santiago:   |b Universidad de Oriente  
300 |a 95 p.  
999 |c 958  |d 958